Biblioteca

Oración de guerra : (Registro nro. 35001)

Detalles MARC
000 -LÍDER
Campo fijo de descripción fija 00969cam a2200313 i 4500
001 - NÚMERO DE CONTROL
Campo de control 768714001
003 - IDENTIFICADOR DEL NÚMERO DE CONTROL
Campo de control CO-MdFUSB
005 - FECHA Y HORA DE LA ULTIMA TRANSACCIÓN
control field 20241203150416.0
007 - CAMPO FIJO DE DESCRIPCIÓN FIJA--INFORMACIÓN GENERAL
Campo fijo de descripción fija ta
008 - ELEMENTOS DE LONGITUD FIJA -- INFORMACIÓN GENERAL
Campo fijo de descripción fija -- Información general 241203t1993 -ua||||| |||| 00| 0 spa d
020 ## - NÚMERO INTERNACIONAL NORMALIZADO PARA LIBROS
Número Internacional Normalizado del libro 0-88113-118-0
040 ## - FUENTE DE CATALOGACIÓN
Agencia que realiza la transcripción CO-MdFUSB
041 0# - CÓDIGO DE IDIOMA
Código de idioma para texto/pista de sonido o título separado spa
082 04 - NÚMERO DE CLASIFICACIÓN DECIMAL DEWEY
Número de la edición del Dewey 23
Número de clasificación 235.4
Clave de autor-Numero de item W1321o
100 1# - ASIENTO PRINCIPAL--NOMBRE PERSONAL
Nombre personal Wagner, C. Pedro (Peter)
Término relacionador autor
245 10 - TÍTULO
Título del Material Oración de guerra :
Parte restante del título - Subtitulo Cómo buscar el poder y la protección de Dios en la lucha por edificar su reino
Mención de responsabilidad, etc. / C. Peter Wagner ; traducido por Juan Sánchez Araujo
264 #1 - PRODUCCIÓN, PUBLICACIÓN, DISTRIBUCIÓN, MANUFACTURA, Y COPYRIGHT
Nombre del productor, publicador, distribuidor Betania,
Lugar de producción, publicación, distribución, manufactura Miami, FL., USA :
Fecha de producción, publicación, distribución, manufactura, o copyright [1993]
264 #4 - PRODUCCIÓN, PUBLICACIÓN, DISTRIBUCIÓN, MANUFACTURA, Y COPYRIGHT
Fecha de producción, publicación, distribución, manufactura, o copyright ©1993
300 ## - DESCRIPCIÓN FÍSICA
Extensión 240 páginas
336 ## - TIPO DE CONTENIDO
Término de tipo de contenido texto
Código de tipo de contenido txt
Fuente rdacontent
337 ## - TIPO DE MEDIO
Fuente rdamedia
Nombre del tipo de medio sin mediación
Código del tipo de medio n
338 ## - TIPO DE SOPORTE
Fuente rdacarrier
Nombre del tipo de soporte volumen
Código Tipo de soporte nc
500 ## - NOTA GENERAL
Nota General Título original : Warfare prayer
563 ## - NOTA DE ENCUADERNACIÓN
Nota de encuadernación Rustico
653 ## - TÉRMINO DE INDIZACIÓN - NO CONTROLADO
Término no controlado Guerra espiritual
700 ## - ASIENTO SECUNDARIO - NOMBRE PERSONAL
Nombre personal Araujo Sánchez, Juan
9 (RLIN) 11162
Responsabilidad Traductor
942 ## - TIPO DE MATERIAL (KOHA)
Tipo de Item KOHA Libros General
945 ## - INFORMACIÓN LOCAL DEL REGISTRO
Catalogador Miguel
Existencias
Estado de Material Estado de Perdido Estado de Dañado No para Préstamo Colección Tomo Biblioteca de Origen Biblioteca Permanente Fecha de Adquisición Total de Préstamos Total de Renovaciones Signatura Topográfica Código de Barras Última vez visto Última vez Préstado Ejemplar/Existencia Fecha de Remplazo Tipo de Material
        Colección General   Biblioteca FUSBC Biblioteca FUSBC 05/12/2004 2 2 G 235.4 W1321o 13459 27/10/2022 24/09/2022 1 26/01/2016 Libros General
        Colección General   Biblioteca FUSBC Biblioteca FUSBC 05/12/2004 1   G 235.4 W1321o 14626 19/04/2023 04/04/2023 2 26/01/2016 Libros General

Biblioteca FUSBC | Teléfono: (57+4) 349 88 10 Ext. 141| WhatsApp (+57) 3005338115 
E-mail: biblioteca@unisbc.edu.co | Calle 76 87-14 Robledo Palenque, Medellín, Colombia

Con tecnología Koha